| 000 | 00392nam a2200145 i 4500 | ||
|---|---|---|---|
| 001 | 146734 | ||
| 003 | ES-MaACL | ||
| 005 | 20230906201643.0 | ||
| 007 | t| | ||
| 008 | 070917s1951 sp ||||1| spa d | ||
| 245 | 0 | 0 | _aTres estudios sobre tres dimensiones del hombre. |
| 260 |
_aBarcelona : _bErasmo, _c1951. |
||
| 300 |
_a16 p. : _bil. ; _c25 cm. |
||
| 852 |
_aES-MaACL _j1941-F-10 _bR.32315 |
||
| 999 |
_c146734 _d146734 |
||